[Event "IND-ch U11 30th"]
[Site "India"]
[Date "2016.07.04"]
[Round "9"]
[White "Ayush, Jha"]
[Black "Agastya, Makkar"]
[Result "1-0"]
[WhiteElo "1448"]
[BlackElo "1315"]
[PlyCount "91"]
[EventDate "2016.06.28"]
[EventType "swiss"]
[EventRounds "11"]
[EventCountry "IND"]
[SourceTitle "CBM 173 Extra"]
[Source "ChessBase"]
[SourceDate "2016.08.29"]
[SourceVersion "1"]
[SourceVersionDate "2016.08.29"]
[SourceQuality "1"]

1. d4 Nf6 2. Nf3 e6 3. Bf4 d5 4. e3 c5 5. c3 Nc6 6. h3 Be7 7. Bd3 Qb6 8. Qc2 c4 9. Be2 Ne4 10. 0-0 g5 11. Bh2 h5 12. Nbd2 Nxd2 13. Nxd2 f5 14. b3 cxb3 15. Nxb3 g4 16. hxg4 hxg4 17. Bf4 Qd8 18. g3 Kf7 19. f3 gxf3 20. Bxf3 Bd6 21. Kg2 Bxf4 22. exf4 Qf6 23. Rh1 Rg8 24. Rh7+ Kg6 25. Rah1 Qf8 26. Qe2 Rg7 27. Rh8 Rg8 28. R8h7 Rg7 29. R7h6+ Kf7 30. Nc5 Qg8 31. R1h3 Nd8 32. Qe5 Kf8 33. Rh8 Nf7 34. Rxg8+ Kxg8 35. Qf6 Bd7 36. Nxd7 Rd8 37. Ne5 Nxe5 38. Qxd8+ Kf7 39. Bh5+ Ng6 40. Bxg6+ Kxg6 41. Qh8 Kf7 42. Rh7 Rxh7 43. Qxh7+ Kf6 44. g4 fxg4 45. Kg3 b5 46. Kxg4 1-0